[Event "Grand Open Blagoevgrad 2013"]
[Site "Blagoevgrad BUL"]
[Date "2013.10.02"]
[Round "7.18"]
[White "Grapsa,G"]
[Black "Banov,B"]
[Result "1/2-1/2"]
[WhiteElo "2013"]
[BlackElo "2189"]

1.d4 d5 2.Nf3 Nf6 3.c4 c6 4.g3 g6 5.Bg2 Bg7 6.O-O O-O 7.Ne5 Be6 8.Nc3 dxc4
9.e4 Nbd7 10.f4 Nxe5 11.fxe5 Bg4 12.Qd2 Ne8 13.Qf2 Qd7 14.Be3 Nc7 15.Qc2 c5
16.dxc5 Bxe5 17.Nd5 Nxd5 18.exd5 Bh3 19.Qxc4 Bxg2 20.Kxg2 Bxb2 21.Rab1 Bf6
22.c6 bxc6 23.dxc6 Rfc8 24.Qxf7+ Kxf7 25.cxd7 Rc7 26.Rfd1 Rd8 27.Rb5 Rcxd7
28.Rxd7 Rxd7 29.Ra5 Bd4 30.Bxd4 Rxd4 31.Rxa7 Rd2+ 32.Kh3 h5 33.Ra8 Kf6 34.Ra6+ e6
35.g4 Rd3+ 36.Kg2 h4 37.a4 Rc3 38.Ra8 h3+ 39.Kf2 Kg5 40.Re8 Kf6 41.Ra8 e5
42.a5 Kg5 43.a6 Kxg4 44.a7 Ra3 45.Ke2 Ra2+ 46.Ke3 Rxh2 47.Rh8 Ra2 48.a8=Q Rxa8
49.Rxa8 h2 50.Rh8 Kg3 51.Ke4 Kg2 52.Kxe5  1/2-1/2

[Event "23rd EYCC Open U16 2013"]
[Site "Budva MNE"]
[Date "2013.10.03"]
[Round "5.6"]
[White "Harutyunian,T"]
[Black "Khegay,D"]
[Result "1/2-1/2"]
[WhiteElo "2334"]
[BlackElo "2327"]

1.d4 d5 2.c4 c6 3.Nf3 Nf6 4.Qc2 e6 5.Bg5 h6 6.Bh4 dxc4 7.Qxc4 b5 8.Qc2 Bb7
9.e3 Nbd7 10.Bd3 Rc8 11.Qe2 a6 12.a4 c5 13.axb5 c4 14.Bc2 axb5 15.O-O Be7
16.b3 Bxf3 17.Qxf3 O-O 18.bxc4 bxc4 19.Nc3 Nb6 20.Ra7 Nbd5 21.Nxd5 Nxd5 22.Bxe7 Nxe7
23.Rb1 Nd5 24.Rbb7 Ra8 25.Qe4 Nf6 26.Qc6 Rxa7 27.Rxa7 Qd5 28.Rc7 Qa5 29.Qxc4 Nd5
30.Rc5 Nxe3 31.fxe3 Qe1+ 32.Qf1 Qxe3+ 33.Qf2 Qc1+ 34.Qf1 Qe3+ 35.Kh1 Qxd4
36.Rc4 Qe5 37.Re4 Qc3 38.Re2 Ra8 39.Bb1 Rb8 40.Re1 g6 41.Rd1 Kg7 42.Be4 Qf6
43.Qd3 Rb2 44.Bf3 Ra2 45.Rf1 Ra4 46.g3 Qd4 47.Qb1 Rb4 48.Qe1 Rb2 49.Bg2 Kg8
50.Qa1 Rd2 51.Qa8+ Qd8 52.Qf3 Qd7 53.Qf4 h5 54.Bf3 Qd6 55.Qg5 Qd3 56.Bg2 Qe2
57.Rg1 Rd1 58.Qc5 Rxg1+ 59.Qxg1 Qe5 60.Bf3 Kg7 61.Kg2 Qb2+ 62.Qf2 Qxf2+ 63.Kxf2 e5
64.Bc6 f5 65.Be8 Kh6 66.Kg2 g5 67.Kh3 f4 68.Bf7 e4 69.Kg2 fxg3 70.hxg3 g4
71.Kf2 Kg5 72.Bxh5 Kxh5 73.Ke3 Kg5 74.Kxe4 Kg6 75.Kf4 Kh5 76.Ke4  1/2-1/2

[Event "Tatry Open 2013"]
[Site "Tatranske Zruby SVK"]
[Date "2013.10.05"]
[Round "8.16"]
[White "Jablonicky,F"]
[Black "Belunek,V"]
[Result "1/2-1/2"]
[WhiteElo "2113"]
[BlackElo "2256"]

1.Nf3 d5 2.d4 Nf6 3.c4 c6 4.Qc2 g6 5.Bf4 Bg7 6.Nbd2 O-O 7.g3 Nbd7 8.Bg2 Nh5
9.Be3 dxc4 10.Nxc4 Nb6 11.Nce5 Bf5 12.Qc1 Nf6 13.O-O Be4 14.Bh6 Qd5 15.Rd1 Rad8
16.Bh3 Bxf3 17.Nxf3 Qb5 18.Bxg7 Kxg7 19.Qc2 Qh5 20.Bg2 Qf5 21.Qxf5 gxf5 22.a4 a5
23.Rd3 Nbd5 24.Nh4 e6 25.e3 Nb4 26.Rb3 Ne4 27.Bxe4 fxe4 28.Rc1  1/2-1/2

[Event "63rd ch-RUS w 2013"]
[Site "Nizhny Novgorod RUS"]
[Date "2013.10.07"]
[Round "3.5"]
[White "Pogonina,N"]
[Black "Goryachkina,A"]
[Result "1/2-1/2"]
[WhiteElo "2485"]
[BlackElo "2436"]

1.d4 d5 2.c4 c6 3.Nf3 Nf6 4.Qc2 dxc4 5.Qxc4 Bf5 6.g3 e6 7.Bg2 Nbd7 8.O-O Be7
9.e3 O-O 10.Rd1 Qc7 11.h3 Rad8 12.Qe2 Ne4 13.Nfd2 Nxd2 14.Bxd2 c5 15.e4 Bg6
16.Be3 cxd4 17.Bxd4 Bc5 18.Nc3 a6 19.Bxc5 Nxc5 20.Rac1 Qe7 21.Qc4 Rxd1+ 22.Nxd1 Rd8
23.Ne3 Nd3 24.Rd1 Ne5 25.Rxd8+ Qxd8 26.Qb3 Qd7 27.f4 Nd3 28.Qc3 h5 29.h4 a5
30.a3 a4 31.Nc4 Nc5 32.Ne5 Qd1+ 33.Kh2 b6 34.Qb4 Qb3 35.Qd4 Qc2 36.f5 exf5
37.Nxg6 fxg6 38.exf5 gxf5 39.Qd8+ Kf7 40.Qc7+ Kg6 41.Qxb6+ Kh7 42.Qc6 Qc4
43.Qc8 Qc2 44.Kh3 Qf2 45.Qe8 Kh6 46.Qe7 g6 47.Qf8+ Kh7 48.Qf7+ Kh6 49.Qg8 Qd4
50.Qf8+ Kh7 51.Qf7+ Kh6 52.Bd5 Qg4+ 53.Kh2 Qe2+ 54.Kh3 Qg4+ 55.Kh2  1/2-1/2

[Event "7th Univ Cent Open 2013"]
[Site "Bogota COL"]
[Date "2013.10.11"]
[Round "4.2"]
[White "Martinez Duany,L"]
[Black "Fleites Marti,Y"]
[Result "1-0"]
[WhiteElo "2473"]
[BlackElo "2181"]

1.d4 d5 2.Nf3 Nf6 3.c4 c6 4.Qc2 e6 5.g3 Be7 6.Bg2 O-O 7.O-O Nbd7 8.Rd1 Ne4
9.Ne1 f5 10.Nd3 Qe8 11.Nd2 Nxd2 12.Bxd2 Bd6 13.b4 Nf6 14.a4 Qh5 15.Bf4 Bxf4
16.Nxf4 Qh6 17.b5 Bd7 18.Rab1 Rae8 19.Nd3 f4 20.Ne5 Re7 21.Qc1 g5 22.Qa3 Rg7
23.Qd6 dxc4 24.bxc6 bxc6 25.Rb7 Bc8 26.Rb8 Nd5 27.Rdb1 Nc3 28.Qxf8+ Kxf8
29.Rxc8+ Ke7 30.Rb7+  1-0

[Event "TCh-ISL Div1 2013-14"]
[Site "Reykjavik ISL"]
[Date "2013.10.11"]
[Round "2.2"]
[White "Edvardsson,K"]
[Black "Olafsson,H1"]
[Result "0-1"]
[WhiteElo "2212"]
[BlackElo "2544"]

1.d4 d5 2.c4 c6 3.Nf3 dxc4 4.e3 Be6 5.Be2 Nf6 6.a4 c5 7.O-O Bd5 8.Nbd2 cxd4
9.exd4 e6 10.Nxc4 Be7 11.Bf4 Nc6 12.Nce5 O-O 13.Rc1 Rc8 14.Bd3 Qb6 15.Re1 Qxb2
16.Rb1 Qc3 17.Re3 Qa5 18.Ng5 h6 19.Rh3 Nb4 20.Bd2 hxg5 21.Nd7 g6 22.Bxb4 Bxb4
23.Nxf6+ Kg7 24.Nxd5 exd5 25.Qg4 Be7 26.Rf3 f5 27.Qg3 Qc7 28.Qxc7 Rxc7 29.Bf1 Bf6
30.Rfb3 Rff7 31.Rd1 Rc2 32.Rb5 Rd7 33.g3 Ra2 34.Rxd5 Rxd5 35.Bc4 Rxd4  0-1

[Event "4th Continental Class 2013"]
[Site "Arlington USA"]
[Date "2013.10.12"]
[Round "6.14"]
[White "Hetzer,V"]
[Black "Li,Ethan"]
[Result "0-1"]
[WhiteElo "2022"]
[BlackElo "2065"]

1.Nf3 Nf6 2.c4 c6 3.d4 d5 4.g3 dxc4 5.Bg2 b5 6.O-O e6 7.Ne5 Bb7 8.a4 Qc7
9.Nc3 a6 10.axb5 cxb5 11.Nxb5 axb5 12.Rxa8 Bxg2 13.Rxb8+ Qxb8 14.Kxg2 Bd6
15.Nf3 Qb7 16.Qc2 O-O 17.Bg5 Ne4 18.Kg1 h6 19.Be3 Ra8 20.Rc1 Qd5 21.Ne1 Bb4
22.f3 Nd2 23.Rd1 Nb3 24.Bf2 Bxe1 25.Rxe1 Nxd4 26.Qc3 Nb3 27.Qb4 Rd8 28.Bb6 Qd2  0-1

[Event "4th Continental Class 2013"]
[Site "Arlington USA"]
[Date "2013.10.14"]
[Round "9.8"]
[White "Yanayt,E"]
[Black "Li,Ethan"]
[Result "1/2-1/2"]
[WhiteElo "2229"]
[BlackElo "2065"]

1.d4 d5 2.c4 c6 3.Nf3 Nf6 4.Qc2 g6 5.Bf4 Bg7 6.e3 O-O 7.Nc3 Bf5 8.Qb3 b6
9.cxd5 cxd5 10.Ne5 Bc8 11.Rc1 Bb7 12.Be2 Nbd7 13.O-O Rc8 14.Nb5 Nxe5 15.Bxe5 Ne4
16.Nxa7 Nd2 17.Qb4 Rxc1 18.Rxc1 Bxe5 19.dxe5 Nc4 20.Bxc4 dxc4 21.Qxc4 Qd2
22.Nc6 Bxc6 23.Qxc6 Qxb2 24.a4 Kg7 25.g3 Rd8 26.e6 Rd6 27.Qc3+ Qxc3 28.Rxc3 Rxe6
29.Rb3 Re4  1/2-1/2

[Event "17th Unive Open 2013"]
[Site "Hoogeveen NED"]
[Date "2013.10.19"]
[Round "2.15"]
[White "De Jong,M"]
[Black "Beerdsen,Thomas"]
[Result "1-0"]
[WhiteElo "2345"]
[BlackElo "2106"]

1.d4 d5 2.c4 c6 3.Nf3 Nf6 4.Qc2 dxc4 5.Qxc4 Bf5 6.g3 e6 7.Bg2 Nbd7 8.O-O Bd6
9.Nc3 O-O 10.Nh4 Bg4 11.h3 Bh5 12.e4 e5 13.Nf5 exd4 14.Nxd6 dxc3 15.Qxc3 Qc7
16.Bf4 Qb6 17.g4 Bg6 18.Rad1 Qa6 19.Be3 Rad8 20.f4 h6 21.f5 Bh7 22.g5 Nh5
23.g6 Ng3 24.Qb3 Ne5 25.gxh7+ Kxh7 26.Rfe1 c5 27.Bxc5 Ne2+ 28.Kf2 Nf4 29.Bf1 Qc6
30.Qc3 f6 31.Be3 Nxh3+ 32.Bxh3 Rxd6 33.Qxc6 Rxc6 34.Bd4 Nf7 35.Bc3 Rc7 36.Rd5 Re8
37.Bg2 Ree7 38.Re2 b6 39.e5 fxe5 40.Bxe5 Rc4 41.Bd4 Rxe2+ 42.Kxe2 Rc2+ 43.Kf1 Rc7
44.Be4 Kg8 45.f6 gxf6 46.Bxf6 a6 47.Rd2 Kf8 48.Kg2 Rc4 49.Bd5 Rf4 50.Bd4 b5
51.Bc5+ Kg7 52.Rf2  1-0

[Event "SPICE Cup Open 2013"]
[Site "St Louis USA"]
[Date "2013.10.19"]
[Round "8.16"]
[White "Banawa,Joe"]
[Black "Li,Ruifeng"]
[Result "0-1"]
[WhiteElo "2367"]
[BlackElo "2246"]

1.d4 d5 2.c4 c6 3.Nf3 Nf6 4.Qc2 g6 5.Bf4 Bg7 6.e3 O-O 7.Nc3 Bf5 8.Bd3 Bxd3
9.Qxd3 Nbd7 10.O-O dxc4 11.Qxc4 Nh5 12.Bg5 h6 13.Bh4 g5 14.Bg3 Nxg3 15.hxg3 e6
16.Rfd1 Qe7 17.e4 c5 18.d5 Nb6 19.Qd3 exd5 20.exd5 Rad8 21.d6 Qd7 22.a4 c4
23.Qc2 Qc6 24.Nb5 a6 25.Nbd4 Qxd6 26.a5 Nd7 27.Nf5 Qc5 28.Rd5 Qc7 29.Nxg5 Nf6
30.Rxd8 Rxd8 31.Nf3 Bf8 32.Qc3 Ng4 33.N3d4 Qc5 34.Qf3 Rxd4 35.Nxd4 Qxd4 36.Rd1 Qg7
37.Qxb7 Qf6 38.Qb6 Qf5 39.Rf1 Bc5 40.Qb8+ Kg7 41.Qf4 Qh5 42.Ra1 Nxf2 43.Qh4 Nd3+  0-1

[Event "TCh-CZE Zapad 2013-14"]
[Site "Czech Rep CZE"]
[Date "2013.10.20"]
[Round "1.2"]
[White "Lechtynsky,J"]
[Black "Meduna,E1"]
[Result "0-1"]
[WhiteElo "2369"]
[BlackElo "2369"]

1.d4 d5 2.Nf3 Nf6 3.c4 c6 4.Qc2 dxc4 5.Qxc4 Bf5 6.g3 Nbd7 7.Bg2 Nb6 8.Qb3 e6
9.Nc3 Be7 10.O-O O-O 11.e3 a5 12.Ne5 a4 13.Qd1 Bb4 14.Bd2 Nfd7 15.Nxd7 Nxd7
16.a3 Ba5 17.e4 Bg6 18.Be3 Nf6 19.f3 b5 20.Rc1 Nd7 21.Ne2 Nb6 22.Rxc6 Nc4
23.Qc1 Qd7 24.Rc5 Bb6 25.Rxc4 bxc4 26.Qxc4 Rfc8 27.Qd3 Rab8 28.f4 f6 29.Bh3 Rd8
30.Rd1 Bf7 31.Nc3 Ba5 32.Rd2 Qc7 33.Rc2 Rb3 34.Kf2 Qb7 35.Qc4 Bxc3 36.bxc3 Qxe4
37.Re2 Qd5 38.Qxa4 Rxc3 39.Bg2 Qd6 40.Ra2 Qc7 41.Qd1 e5 42.Rd2 exd4 43.Rxd4 Rxd4
44.Qxd4 Rxa3 45.Bd5 h6  0-1

[Event "17th Unive Open 2013"]
[Site "Hoogeveen NED"]
[Date "2013.10.25"]
[Round "8.24"]
[White "Schoehuijs,E"]
[Black "Sadallah,O"]
[Result "1-0"]
[WhiteElo "2184"]
[BlackElo "2114"]

1.d4 d5 2.c4 c6 3.Nf3 Nf6 4.g3 Bf5 5.Nc3 e6 6.Qb3 b6 7.Bg2 Nbd7 8.Bf4 Be7
9.O-O O-O 10.Nh4 Bg4 11.h3 Bh5 12.g4 Bg6 13.Nxg6 hxg6 14.e4 dxc4 15.Qxc4 Qc8
16.Be3 b5 17.Qb3 Nb6 18.a4 Nc4 19.axb5 Nxe3 20.fxe3 Qb8 21.Qa2 e5 22.bxc6 Qb6
23.Qc4 Qxb2 24.g5 Nh5 25.Ra2 Qb8 26.Raf2 Qb4 27.Qxb4 Bxb4 28.Nd5 Bd6 29.Rc2 Rfc8
30.h4 Kf8 31.Bh3 Ng3 32.Bxc8 Rxc8 33.Ra1 Nxe4 34.Rxa7 exd4 35.exd4 Bg3 36.Nb6 Rd8
37.c7 Bxc7 38.Rcxc7  1-0

[Event "13th Sautron Open 2013"]
[Site "Sautron FRA"]
[Date "2013.10.27"]
[Round "2.2"]
[White "Ider,B"]
[Black "Burmakin,V"]
[Result "1/2-1/2"]
[WhiteElo "2377"]
[BlackElo "2581"]

1.d4 d5 2.Nf3 c6 3.c4 Nf6 4.Qb3 e6 5.Bg5 h6 6.Bxf6 Qxf6 7.Nc3 Nd7 8.e4 dxe4
9.Nxe4 Qf5 10.Bd3 Qa5+ 11.Nc3 Be7 12.O-O O-O 13.Rfe1 Rd8 14.Rad1 Nf8 15.a3  1/2-1/2

[Event "Chinese Zonal w 2013"]
[Site "Zhongshan CHN"]
[Date "2013.10.29"]
[Round "1.1"]
[White "Tan Zhongyi"]
[Black "Qin,R"]
[Result "1-0"]
[WhiteElo "2490"]
[BlackElo "2045"]

1.d4 d5 2.Nf3 Nf6 3.c4 c6 4.g3 e6 5.Bg2 Nbd7 6.O-O Bd6 7.b3 O-O 8.Bb2 Qe7
9.Ne5 Rd8 10.e3 Nf8 11.Qe2 N6d7 12.f4 f6 13.Nd3 dxc4 14.bxc4 e5 15.fxe5 fxe5
16.d5 cxd5 17.cxd5 Nf6 18.Nc3 Bg4 19.Qd2 a6 20.Rf2 Bh5 21.Ne4 Nxe4 22.Bxe4 Bg6
23.Bxg6 Nxg6 24.e4 Rac8 25.Rc1 Rc7 26.h4 Rxc1+ 27.Qxc1 Nf8 28.Qg5 Qxg5 29.hxg5 Nd7
30.Rf5 g6 31.Rf3 Rf8 32.Re3 Kf7 33.Kg2 Ke7 34.Re1 Rc8 35.Kf3 Kf7 36.Rh1 Kg8
37.Rh2 Rc4 38.Re2 Rc8 39.Ke3 Rc4 40.Ba1 Nc5 41.Nxc5 Rxc5 42.Kd3 b5 43.Bc3 Rc4
44.Rf2 Rc7 45.Rf6 b4 46.Bb2 Rd7 47.Re6 Be7 48.Bxe5 Bxg5 49.Rxa6  1-0

[Event "17th OIBM 2013"]
[Site "Bad Wiessee GER"]
[Date "2013.10.30"]
[Round "6.11"]
[White "Khenkin,I"]
[Black "Lampert,J"]
[Result "1/2-1/2"]
[WhiteElo "2609"]
[BlackElo "2376"]

1.d4 d5 2.c4 c6 3.Nf3 Nf6 4.Qb3 dxc4 5.Qxc4 Bg4 6.Nc3 Nbd7 7.e4 Bxf3 8.gxf3 e5
9.Be3 exd4 10.Bxd4 Bd6 11.O-O-O Qe7 12.Ne2 O-O 13.Ng3 g6 14.Rg1 Kh8 15.Kb1 Ne5
16.Qe2 Bc5 17.Bxc5 Qxc5 18.f4 Ned7 19.Qf3 Qe7 20.h4 Nc5 21.e5 Nd5 22.h5 Na4
23.Rd4 b5 24.Ne4 Rad8 25.Nd6 a6 26.Bh3 Qa7 27.Re4 Nf6 28.hxg6 fxg6 29.Re2 Nd5
30.f5 Qd4 31.Rge1 Nac3+ 32.bxc3 Nxc3+ 33.Kc1  1/2-1/2

[Event "Chinese Zonal w 2013"]
[Site "Zhongshan CHN"]
[Date "2013.10.31"]
[Round "3.1"]
[White "Tan Zhongyi"]
[Black "Wang Doudou"]
[Result "1/2-1/2"]
[WhiteElo "2490"]
[BlackElo "2226"]

1.d4 d5 2.Nf3 Nf6 3.c4 c6 4.Qc2 e6 5.g3 Nbd7 6.Bg2 Bd6 7.O-O O-O 8.Nbd2 Qe7
9.Re1 Re8 10.e4 dxe4 11.Nxe4 Nxe4 12.Rxe4 c5 13.Bg5 f6 14.Bd2 Nf8 15.d5 Qf7
16.Rae1 Bd7 17.Nh4 Rad8 18.R4e2 Kh8 19.Bc3 h6 20.Re3 exd5 21.Bxd5 Qh5 22.Bf3 Qf7
23.Nf5 Bb8 24.Ne7 Bd6 25.Bd5 Qh5 26.Bf3 Qf7 27.Bd5 Qh5 28.Bf3  1/2-1/2

[Event "17th OIBM 2013"]
[Site "Bad Wiessee GER"]
[Date "2013.11.01"]
[Round "8.47"]
[White "Albrecht,R"]
[Black "Frick,C"]
[Result "0-1"]
[WhiteElo "2129"]
[BlackElo "2254"]

1.d4 d5 2.c4 c6 3.Nf3 Nf6 4.Qc2 dxc4 5.Qxc4 Bg4 6.Nbd2 Nbd7 7.g3 e6 8.Bg2 Be7
9.O-O O-O 10.b3 Qa5 11.h3 Bh5 12.Bb2 Rfd8 13.a3 Rac8 14.b4 Qa4 15.Qb3 Nb6
16.Ra2 Qb5 17.e3 Na4 18.Ba1 Nd7 19.Rc1 Ndb6 20.Bf1 Qd5 21.Ne5 f6 22.Nec4 Bf7
23.Rac2 Qh5 24.Ne4 e5 25.dxe5 Bd5 26.exf6 gxf6 27.Bxf6 Qf5 28.Bxe7 Qxe4 29.f3 Qxe7
30.e4 Bf7 31.Qe3 Bxc4 32.Bxc4+ Nxc4 33.Rxc4 Nb6 34.Rc5 Rd6 35.Rg5+ Rg6 36.Rcc5 Rd8
37.Rcf5 Qd7 38.Qb3+ Kg7 39.Rh5 Qd4+ 40.Kf1 Nc4  0-1

[Event "80th ch-BRA S/F 1 2013"]
[Site "Rio de Janeiro BRA"]
[Date "2013.11.01"]
[Round "3.18"]
[White "Chaves,Jor"]
[Black "Rios Filho,H"]
[Result "1-0"]
[WhiteElo "2023"]
[BlackElo "2151"]

1.d4 d5 2.c4 c6 3.Nf3 Nf6 4.g3 Bf5 5.Nc3 e6 6.Bg2 Bd6 7.Bf4 Bxf4 8.gxf4 Qb6
9.O-O Qxb2 10.Rc1 O-O 11.Ng5 Rd8 12.e4 dxe4 13.Re1 Na6 14.Bxe4 Bg4 15.Bxh7+ Kf8
16.f3 Bh5 17.Bb1 Qb6 18.Ne2 Kg8 19.Kg2 c5 20.d5 exd5 21.Ng3 dxc4 22.Qe2 Qc7
23.Rxc4 b5 24.Re4 Qd7 25.Nxh5 Nxh5 26.Kh1 Rf8 27.Qf2 g6 28.Re7 Qd4 29.Qxd4 cxd4
30.f5 Nf4 31.fxg6 fxg6 32.a3 Rad8 33.Ba2+ Nd5 34.R7e6 Nac7 35.Rxg6+ Kh8 36.Ne4 Nf4
37.Rh6+ Kg7  1-0

[Event "3rd Panama Open"]
[Site "Panama City PAN"]
[Date "2013.11.02"]
[Round "3.35"]
[White "Chinchilla,E"]
[Black "Martinez,Randall"]
[Result "0-1"]
[WhiteElo "2191"]
[BlackElo "1829"]

1.d4 d5 2.c4 c6 3.Nf3 Nf6 4.Qc2 g6 5.Bf4 Bf5 6.Qb3 Qb6 7.e3 Qxb3 8.axb3 Bxb1
9.Rxb1 e6 10.c5 Nbd7 11.h3 Bg7 12.b4 a6 13.Bd3 O-O 14.O-O Rfe8 15.g4 h6 16.Rfe1 Nh7
17.h4 Nhf6 18.g5 hxg5 19.hxg5 Nh5 20.Bh2 e5 21.Nxe5 Nxe5 22.Bxe5 Bxe5 23.dxe5 Rxe5
24.f4 Re7 25.Kf2 Rae8 26.Kf3 Ng7 27.Re2 Nf5 28.Rbe1 Kg7 29.Bxf5 gxf5 30.Rd1 Rh8
31.Kg3 Ree8 32.Rdd2 Rh1 33.Kg2 Reh8 34.Kg3 R8h3+ 35.Kg2 Kg6 36.Kf2 Kh5 37.e4 fxe4
38.Rc2 Kg4  0-1

[Event "80th ch-BRA S/F 1 2013"]
[Site "Rio de Janeiro BRA"]
[Date "2013.11.02"]
[Round "5.14"]
[White "Aranha Filho,A"]
[Black "Rios Filho,H"]
[Result "1-0"]
[WhiteElo "2232"]
[BlackElo "2151"]

1.d4 d5 2.Nf3 Nf6 3.c4 c6 4.Qc2 g6 5.Bf4 Bf5 6.Qb3 Qb6 7.e3 Qxb3 8.axb3 Bxb1
9.Rxb1 e6 10.c5 Nh5 11.b4 Nxf4 12.exf4 f6 13.b5 Bh6 14.h3 Kd7 15.h4 Bg7 16.h5 a6
17.b6 Ke7 18.h6 Bf8 19.Kd2 Nd7 20.Re1 Kf7 21.b4 Be7 22.g4 Rhe8 23.Re3 Rac8
24.Bd3 Bf8 25.Kc3 Nb8 26.f5 exf5 27.gxf5 g5 28.Rxe8 Rxe8 29.Nd2 Re7 30.Nb3 Rd7
31.Na5 Re7 32.Kd2 Ke8 33.Re1 Rxe1 34.Kxe1 Bxh6 35.Nxb7 Bf8 36.Be2 Kd7 37.Kd2 Kc8
38.Na5 Kd7 39.Kc3 Be7 40.Kb3 Bd8 41.Ka4 Be7 42.Nb3 Kc8 43.Ka5 Kb7 44.Nd2 Bf8
45.Nf1 g4 46.Bxg4 Bh6 47.Ne3 Bf4 48.Bh5 Nd7 49.Be8 Nb8 50.Ng4 Bg5 51.Bg6 h6
52.Be8 Kc8 53.Bh5 Kb7 54.Ne3 Bh4 55.Ng4 Bg5 56.f4 Bh4 57.Be8 Kc8 58.Ka4 Kd8
59.Bg6 Ke7 60.Nxh6 Kd7 61.Ng4 Ke7 62.Ka5 Kd7 63.Bf7 Kc8 64.Be6+ Kb7 65.Ka4  1-0

[Event "TCh-CZE Extraliga 2013-14"]
[Site "Turnov CZE"]
[Date "2013.11.03"]
[Round "2.4"]
[White "Konopka,M"]
[Black "Petr,Ma"]
[Result "1/2-1/2"]
[WhiteElo "2412"]
[BlackElo "2530"]

1.d4 d5 2.c4 c6 3.Nf3 dxc4 4.a4 Nf6 5.e3 Be6 6.Na3 c5 7.Nxc4 Nc6 8.Nce5 Bd5
9.Bb5 cxd4 10.Qxd4 e6 11.Ng5 Qa5+ 12.Bd2 Qxb5 13.axb5 Nxd4 14.exd4 Be7 15.Ngxf7 O-O
16.Ng5 Bxg2 17.Rg1 Bd5 18.Ke2 Nh5 19.Rac1 Bd6 20.f3 Rf5 21.Ne4 Bxe5 22.dxe5 Bxe4
23.fxe4 Rxe5 24.Rc7 Rxb5 25.Bc3 e5 26.Ke3 Re8 27.Rd1 Nf6 28.h3 h6 29.Rg1 Nh5
30.Rd1 Re6 31.Rdd7 a6 32.Rxb7 Rxb7 33.Rxb7 Kh7 34.Rc7 Kg6 35.Rc5 Kf6 36.h4 Nf4
37.Kf3 Ng6 38.Kg4 Nh8 39.b4 Nf7 40.b5 axb5 41.Rxb5 Rc6 42.Bb2 g6 43.h5 g5
44.Rb8 Rc2 45.Rb6+ Kg7 46.Rb7  1/2-1/2

[Event "Chinese Zonal w 2013"]
[Site "Zhongshan CHN"]
[Date "2013.11.03"]
[Round "6.2"]
[White "Shen Yang"]
[Black "Cai Jiaying"]
[Result "1/2-1/2"]
[WhiteElo "2415"]
[BlackElo "2082"]

1.d4 d5 2.Nf3 Nf6 3.c4 c6 4.Qc2 e6 5.g3 Nbd7 6.Bg2 Bd6 7.O-O O-O 8.Nbd2 Qe7
9.b3 e5 10.cxd5 cxd5 11.dxe5 Nxe5 12.Bb2 Re8 13.e3 Bg4 14.Rac1 Rac8 15.Qb1 Bh5
16.Nxe5 Bxe5 17.Rxc8 Rxc8 18.Qf5 Re8 19.Bxe5 Qxe5 20.Qxe5 Rxe5 21.Rc1 Kf8
22.b4 Be2 23.Bf1 Bg4 24.Nb3 Ke8 25.Nd4 Kd8 26.b5 Re7 27.f3 Be6 28.Rc3 Rc7
29.Ra3 Rc1 30.Kf2 Kc7 31.Rxa7 Nd7 32.Ra8 Ra1 33.g4 Nb6 34.Nxe6+ fxe6 35.Rg8 Rxa2+
36.Ke1 Rxh2 37.Rxg7+ Nd7 38.Bd3 h6 39.f4 Kd6 40.Kf1 Nc5 41.Bg6 Rh3 42.Ke2 Rh2+
43.Kf1 Rh3 44.Kf2 Rh2+ 45.Kg3 Re2 46.Kf3 Rb2 47.Rh7 Rxb5 48.Rxh6 Rb3 49.Ke2 Rb2+
50.Ke1 b5 51.g5 b4 52.Rh8 b3 53.Rb8 Rh2 54.Kd1 Rg2 55.Kc1 Kc7 56.Rb4 Re2
57.Rb5 Kc6 58.Be8+ Kd6 59.Rb6+ Ke7 60.Bg6 Rxe3  1/2-1/2

[Event "3rd Panama Open"]
[Site "Panama City PAN"]
[Date "2013.11.04"]
[Round "7.48"]
[White "Chinchilla,E"]
[Black "Chung,Yaleika"]
[Result "1-0"]
[WhiteElo "2191"]
[BlackElo "1675"]

1.d4 d5 2.c4 c6 3.Nf3 Nf6 4.Qc2 Bg4 5.Ne5 Bh5 6.Bf4 Nbd7 7.e3 a6 8.Qb3 Qb6
9.Qxb6 Nxb6 10.c5 Nbd7 11.Nd2 Nxe5 12.Bxe5 Nd7 13.Bg3 Bg6 14.b4 e6 15.Nb3 b5
16.Na5 Rc8 17.a4 Bc2 18.axb5 axb5 19.Nxc6 Rxc6 20.Ra8+ Ke7 21.Bxb5 Rb6 22.cxb6 Nxb6
23.Rb8 Nc4 24.Bxc4 dxc4 25.Kd2 Bb3 26.Kc3 f6 27.Rb7+ Ke8 28.Ra1 Be7 29.Rxe7+  1-0

[Event "Chinese Zonal w 2013"]
[Site "Zhongshan CHN"]
[Date "2013.11.05"]
[Round "8.6"]
[White "Wang Doudou"]
[Black "Qin,R"]
[Result "1/2-1/2"]
[WhiteElo "2226"]
[BlackElo "2045"]

1.d4 d5 2.c4 c6 3.Nf3 Nf6 4.Qc2 e6 5.g3 Nbd7 6.Nbd2 Bd6 7.Bg2 O-O 8.O-O Re8
9.Rd1 Qe7 10.e4 dxe4 11.Nxe4 Nxe4 12.Qxe4 e5 13.Bg5 f6 14.Be3 exd4 15.Qxe7 Bxe7
16.Bxd4 Nf8 17.b3 Bf5 18.Nh4 Bg4 19.f3 Be6 20.f4 Bg4 21.Nf3 Ne6 22.Bf2 Bc5
23.h3 Bxf2+ 24.Kxf2 Bxf3 25.Bxf3 Rad8 26.Rxd8 Rxd8 27.Rd1 Rxd1 28.Bxd1 Kf7
29.Ke3 Ke7 30.Bc2 h6 31.b4 b6 32.Ke4 Kd6 33.Bd1 c5 34.b5 Nc7 35.Kf5 Ke7 36.Bg4 Kf7
37.Ke4 Ke7 38.Bc8 Kd8 39.Bg4 Ke7 40.h4 Kf7 41.Bc8 Ke7 42.Bh3 Kf7 43.Bd7 Ke7
44.Bg4 Kf7 45.Bf3 Ke7 46.Kf5 Kf7 47.h5 Ke7 48.Bb7 Kf7 49.Bc8 Ke7 50.Kg6 Kf8
51.Bd7 Kg8 52.Bc8 Kf8 53.Bd7 Kg8 54.Bh3 Kf8 55.Bg4 Kg8 56.Bf5 Kf8 57.g4 Ne8
58.Be6 Ke7 59.Bd5 Kf8 60.Be6 Ke7 61.Bf7 Nd6 62.Bd5 Kf8 63.Be6 Ne8 64.Bd5 Nd6
65.Kh7 Nc8 66.Be6 Nd6 67.Bd5 Nc8 68.Be6 Nd6 69.Bd5 Nc8 70.Be6  1/2-1/2

[Event "FSGM November 2013"]
[Site "Budapest HUN"]
[Date "2013.11.07"]
[Round "5.4"]
[White "Dobrov,V"]
[Black "Sevian,Samuel"]
[Result "1-0"]
[WhiteElo "2528"]
[BlackElo "2384"]

1.Nf3 d5 2.d4 Nf6 3.c4 c6 4.Nbd2 Bf5 5.Nh4 Be6 6.e3 g6 7.Bd3 Bg7 8.O-O O-O
9.Rb1 dxc4 10.Nxc4 b5 11.Ne5 Bxa2 12.Ra1 Bd5 13.Qc2 Nfd7 14.e4 Be6 15.f4 Qb6
16.Nef3 Bxd4+ 17.Kh1 Bg7 18.Ng5 Bc4 19.e5 Qd4 20.Rd1 Bxd3 21.Rxd3 Qc4 22.Qd1 e6
23.b3 Qc5 24.Bb2 Qe7 25.Qg4 f5 26.Nxg6 hxg6 27.Qh4 Re8 28.Qh7+ Kf8 29.Qxg6 Kg8
30.Qh7+ Kf8 31.Rg3 Bxe5 32.Qh6+ Qg7 33.Nh7+ Ke7 34.Qh4+ Kf7 35.Qh5+ Ke7 36.Rxg7+ Bxg7
37.Bxg7 Kd8 38.Rd1 Na6 39.Qf7 Nc5 40.b4 Re7 41.Bf6  1-0

[Event "Chennai WGM 2013"]
[Site "Chennai IND"]
[Date "2013.11.07"]
[Round "2.4"]
[White "Vijayalakshmi,S"]
[Black "Hamid,R"]
[Result "1-0"]
[WhiteElo "2399"]
[BlackElo "1994"]

1.d4 d5 2.Nf3 Nf6 3.c4 c6 4.Nbd2 e6 5.g3 Be7 6.Bg2 O-O 7.O-O b6 8.Re1 Bb7
9.b3 Nbd7 10.Bb2 Rc8 11.Ne5 c5 12.cxd5 exd5 13.Bh3 Rc7 14.Nxd7 Nxd7 15.Rc1 Nf6
16.dxc5 bxc5 17.Qc2 d4 18.Bg2 Bxg2 19.Kxg2 Qd5+ 20.Nf3 Rd7 21.Qc4 Qb7 22.Kg1 Rd5
23.e4 Rh5 24.Qd3 Qd7 25.h4 Ng4 26.e5 Qe6 27.Qe2 Rd8 28.b4 d3 29.Qd2 Qd5 30.Qf4 Nxf2
31.Kxf2 d2 32.Nxd2 Qxd2+ 33.Qxd2 Rxd2+ 34.Re2 Rd5 35.Rec2 c4 36.Kf3 Rd3+
37.Kg2 Rf5 38.Bc3 h5 39.Re2 Rff3 40.Be1 c3 41.Re4 Rfe3 42.Rxe3 Rxe3 43.Kf2 Rxe5
44.Rxc3 Bd6 45.Re3 Rf5+ 46.Ke2 g5 47.hxg5 Rxg5 48.a4 Rg4 49.Rb3 Kg7 50.Kf3 Kg6
51.a5 Rc4 52.b5 Rc1 53.Bf2 Ra1 54.b6 a6 55.b7 Bb8 56.Rb6+ Kf5 57.Rxa6 Ra3+
58.Kg2 Ra2 59.Ra8 Be5 60.a6  1-0

[Event "FSFMA November 2013"]
[Site "Budapest HUN"]
[Date "2013.11.12"]
[Round "9.2"]
[White "Juhasz,Bel"]
[Black "Steer,J"]
[Result "1/2-1/2"]
[WhiteElo "2140"]
[BlackElo "1899"]

1.d4 d5 2.Nf3 Nf6 3.c4 c6 4.Qb3 dxc4 5.Qxc4 e6 6.Nc3 b6 7.g3 Bb7 8.Bg2 Be7
9.O-O O-O 10.Rd1 Qc8 11.Bf4 Nd5 12.Rac1 Nxf4 13.gxf4 Nd7 14.Qb3 Qb8 15.e3 Nf6
16.Ng5 Nd5 17.Nge4 Rd8 18.Ne2 Qc8 19.a3 Qd7 20.N2g3 Rac8 21.Qd3 Nf6 22.Qe2 Nxe4
23.Bxe4 g6 24.Nf1 Bf6 25.Rd2 Qe7 26.Rdc2 c5 27.Qf3 Bxe4 28.Qxe4 Qd7 29.dxc5 Rxc5
30.Rxc5 bxc5 31.Rc2 Qb5 32.a4 Qb6 33.Nd2 Rd5 34.Kg2 Qa5 35.Nf3 Qb6 36.Nd2 Qa5
37.Nf3 Qb6 38.Nd2 Qa5 39.Nf3  1/2-1/2

[Event "23rd World Seniors 2013"]
[Site "Opatija CRO"]
[Date "2013.11.14"]
[Round "3.20"]
[White "Mishuchkov,N"]
[Black "Ofstad,P"]
[Result "1-0"]
[WhiteElo "2367"]
[BlackElo "2181"]

1.Nf3 d5 2.d4 Nf6 3.c4 c6 4.Qb3 dxc4 5.Qxc4 Qd5 6.e3 e6 7.Nc3 Qxc4 8.Bxc4 Nbd7
9.O-O Bd6 10.Ng5 O-O 11.Nge4 Be7 12.Nxf6+ Nxf6 13.b3 Rd8 14.Rd1 b6 15.Be2 Bb7
16.Bf3 Rd7 17.Bb2 Rad8 18.Ne4 Nxe4 19.Bxe4 f5 20.Bf3 c5 21.Bxb7 Rxb7 22.dxc5 Rxd1+
23.Rxd1 Bxc5 24.Kf1 Kf7 25.Ke2 Be7 26.Rc1 b5 27.Be5 g6 28.Rc6 Bf6 29.Bxf6 Kxf6
30.f4 Rd7 31.h4 h6 32.g3 h5 33.Ra6 Kf7 34.Ra5 Rb7 35.Kd3 Kf6 36.Kd4 Rd7+
37.Kc3  1-0

[Event "23rd World Seniors 2013"]
[Site "Opatija CRO"]
[Date "2013.11.16"]
[Round "5.72"]
[White "Danielsson,R"]
[Black "Yakovlev,YuriS"]
[Result "1/2-1/2"]
[WhiteElo "2098"]
[BlackElo "1951"]

1.d4 d5 2.c4 c6 3.Nf3 Nf6 4.Qc2 e6 5.g3 Bd6 6.Bg2 Nbd7 7.O-O O-O 8.Nbd2 Re8
9.b3 e5 10.dxe5 Nxe5 11.Bb2 dxc4 12.Nxc4 Nxc4 13.Qxc4 Be6 14.Qh4 Ng4 15.Qxd8 Raxd8
16.h3 Nh6  1/2-1/2

[Event "23rd World Seniors 2013"]
[Site "Opatija CRO"]
[Date "2013.11.16"]
[Round "5.43"]
[White "Kierzek,Ma"]
[Black "Koryabkin,V"]
[Result "1-0"]
[WhiteElo "2250"]
[BlackElo "2057"]

1.d4 d5 2.c4 c6 3.Nf3 dxc4 4.a4 Nf6 5.Nc3 Bg4 6.Ne5 Bh5 7.g3 e6 8.Bg2 Bb4
9.Nxc4 O-O 10.O-O Nbd7 11.Re1 a5 12.Bf4 Nd5 13.Bd2 Qf6 14.Nxd5 exd5 15.Bxb4 axb4
16.Ne3 Bg6 17.b3 Qd6 18.Qd2 Ra5 19.Bh3 Nf6 20.Bf5 b6 21.Bxg6 hxg6 22.f3 Re8
23.Kf2 Qe7 24.Rac1 Qe6 25.Rcd1 b5 26.axb5 Rxb5 27.Ra1 Rb6 28.Nc2 Qf5 29.Kg2 Reb8
30.Ra4 Qe6 31.Rxb4 Rxb4 32.Nxb4 Qd6 33.Na6 Rxb3 34.Nc5 Rb5 35.Ra1 Rb8 36.Ra7 Re8
37.Kf2 Qb8 38.Rb7 Qc8 39.g4 Qa8 40.Rb3 Qa1 41.Kg2 Ra8 42.Qf4 Qd1 43.Rb8+ Rxb8
44.Qxb8+ Kh7 45.Qe5 Qe1 46.Nd3 Qc3 47.h4 Qd2 48.Kf2 Qd1 49.h5 Qh1 50.Nc5 Qh4+
51.Kg2 Qe1 52.hxg6+ fxg6 53.Ne6 Qh4 54.Qc7  1-0